000 00593nam a2200181Ia 4500
008 151018s9999 xx 000 0 und d
082 _bRBASDV60423
_a110
100 _aअ ल भागवत
245 _aअमृतवाणी भाग दुसरा
250 _b1
260 _bश्री गजानन बुक डेपो
300 _a105
600 _aअ ल भागवत
630 _aअमृतवाणी भाग दुसरा
700 _aअ ल भागवत
730 _aअमृतवाणी भाग दुसरा
942 _cBOOK
999 _c1053955
_d1053952